Biblioteca Fatec Adamantina

Visualização normal Visualização MARC

Entrada Personal Name

Número de registros usados em: 1

001 - CONTROL NUMBER

  • control field: 1129

003 - CONTROL NUMBER IDENTIFIER

  • control field: OSt

005 - DATE AND TIME OF LATEST TRANSACTION

  • control field: 20260422153709.0

008 - FIXED-LENGTH DATA ELEMENTS

  • fixed length control field: 260422|| aca||aabn | a|a d

040 ## - CATALOGING SOURCE

  • Original cataloging agency: OSt

100 1# - HEADING--PERSONAL NAME

  • Personal name: Falcão, Ismael Marinho
  • Dates associated with a name: 1939-

400 ## - SEE FROM TRACING--PERSONAL NAME

  • Personal name: Marinho Falcão, Ismael
  • Dates associated with a name: 1939-

670 ## - SOURCE DATA FOUND

  • Source citation: BN on-line (22-04-2026)

Para mais informações envie um e-mail para [email protected].